00673 a2200157 45000010006000000050017000060080041000230030015000640400040000790800109001192450044002282640126002723000018003980410008004161000091004245940420260407155848.0260407a1986 arg spa dAR-UNSa-BCEJYS aAR-UNSa-BCEJYSbspacAR-UNSa-BCEJYS a339.9xEconomía internacional en general. Relaciones económicas internacionales. Economía mundial 10aEncuentro empresarial chileno-argentino 1aBuenos Aires :bBID/INTAL (Banco Interamericano de Desarrollo. Instituto para la integración de América Latina)c1986 a28 p.c22 cm. aspa1 aCongreso de Economía Política Internacional (1º : 2014 : Buenos Aires, Argentina)